Ukraine : Technical Assistance Report-Regulation of Market Abuse and Issuer Disclosure Requirements.

This Technical Assistance report examines regulation of market abuse and issuer disclosure requirements in Ukraine. The Ukrainian regulatory framework for market abuse and issuer disclosure requirements has significant gaps, whose impact is compounded by the National Securities and Stock Market Comm...

Descrición completa

Detalles Bibliográficos
Autor Corporativo: International Monetary Fund. Monetary and Capital Markets Department
Formato: Revista
Idioma:English
Publicado: Washington, D.C. : International Monetary Fund, 2016.
Series:IMF Staff Country Reports; Country Report ; No. 2016/242
Acceso en liña:Full text available on IMF
LEADER 01893cas a2200241 a 4500
001 AALejournalIMF016973
008 230101c9999 xx r poo 0 0eng d
020 |c 5.00 USD 
020 |z 9781498375504 
022 |a 1934-7685 
040 |a BD-DhAAL  |c BD-DhAAL 
110 2 |a International Monetary Fund.  |b Monetary and Capital Markets Department. 
245 1 0 |a Ukraine :   |b Technical Assistance Report-Regulation of Market Abuse and Issuer Disclosure Requirements. 
264 1 |a Washington, D.C. :  |b International Monetary Fund,  |c 2016. 
300 |a 1 online resource (38 pages) 
490 1 |a IMF Staff Country Reports 
500 |a <strong>Off-Campus Access:</strong> No User ID or Password Required 
500 |a <strong>On-Campus Access:</strong> No User ID or Password Required 
506 |a Electronic access restricted to authorized BRAC University faculty, staff and students 
520 3 |a This Technical Assistance report examines regulation of market abuse and issuer disclosure requirements in Ukraine. The Ukrainian regulatory framework for market abuse and issuer disclosure requirements has significant gaps, whose impact is compounded by the National Securities and Stock Market Commission's (NSSMC) lack of sufficient supervisory, investigative, and enforcement powers. This has contributed to overall lack of transparency and widespread misconduct in the market, including through issuance and trading of 'fictitious' securities. To address the current challenges, the Ukrainian legislation needs to be aligned with the international standards to provide the NSSMC with sufficient means to require enhanced disclosures and combat market abuse. 
538 |a Mode of access: Internet 
830 0 |a IMF Staff Country Reports; Country Report ;  |v No. 2016/242 
856 4 0 |z Full text available on IMF  |u http://elibrary.imf.org/view/journals/002/2016/242/002.2016.issue-242-en.xml  |z IMF e-Library